[Event "25th 4NCL Congress"]
[Site "Leamington Spa, United Kingdom"]
[Date "2021.07.09"]
[Round "1.10"]
[White "Stubbs, Oliver"]
[Black "Bin-Suhayl, Ieysaa"]
[Result "1-0"]
[TimeControl "All moves in 90 minutes + 30 seconds per move"]
[WhiteElo "1905"]
[BlackElo "2223"]

1. d4 {[%clk 01:30:51]} {[%emt 00:00:08]} Nf6 {[%clk 01:29:44]} {[%emt
00:01:17]} 2. Nf3 {[%clk 01:31:12]} {[%emt 00:00:08]} c5 {[%clk 01:30:00]}
{[%emt 00:00:14]} 3. d5 {[%clk 01:31:14]} {[%emt 00:00:27]} e6 {[%clk
01:30:04]} {[%emt 00:00:27]} 4. Nc3 {[%clk 01:31:15]} {[%emt 00:00:28]} Nxd5
{[%clk 01:30:00]} {[%emt 00:00:35]} 5. Nxd5 {[%clk 01:31:28]} {[%emt 00:00:16]}
exd5 {[%clk 01:30:28]} {[%emt 00:00:03]} 6. Qxd5 {[%clk 01:31:41]} {[%emt
00:00:16]} Nc6 {[%clk 01:30:55]} {[%emt 00:00:04]} 7. e4 {[%clk 01:31:23]}
{[%emt 00:00:47]} Be7 {[%clk 01:24:03]} {[%emt 00:07:22]} 8. Bc4 {[%clk
01:30:21]} {[%emt 00:01:31]} O-O {[%clk 01:24:28]} {[%emt 00:00:06]} 9. O-O
{[%clk 01:29:35]} {[%emt 00:01:15]} d6 {[%clk 01:24:27]} {[%emt 00:00:32]} 10.
Rd1 {[%clk 01:28:05]} {[%emt 00:01:58]} Be6 {[%clk 01:16:52]} {[%emt 00:08:06]}
11. Qd3 {[%clk 01:28:25]} {[%emt 00:00:09]} Nb4 {[%clk 01:13:43]} {[%emt
00:03:40]} 12. Qe2 {[%clk 01:27:39]} {[%emt 00:01:15]} Qd7 {[%clk 01:06:26]}
{[%emt 00:07:48]} 13. c3 {[%clk 01:23:27]} {[%emt 00:04:42]} Bxc4 {[%clk
00:58:08]} {[%emt 00:08:49]} 14. Qxc4 {[%clk 01:23:42]} {[%emt 00:00:13]} b5
{[%clk 00:51:04]} {[%emt 00:07:34]} 15. Qe2 {[%clk 01:21:21]} {[%emt 00:02:50]}
Na6 {[%clk 00:51:08]} {[%emt 00:00:27]} 16. a4 {[%clk 01:20:24]} {[%emt
00:01:26]} Nc7 {[%clk 00:48:29]} {[%emt 00:03:10]} 17. axb5 {[%clk 01:19:36]}
{[%emt 00:01:17]} Qxb5 {[%clk 00:35:44]} {[%emt 00:13:14]} 18. Qxb5 {[%clk
01:14:28]} {[%emt 00:05:39]} Nxb5 {[%clk 00:36:12]} {[%emt 00:00:02]} 19. Bf4
{[%clk 01:02:26]} {[%emt 00:12:32]} f5 {[%clk 00:21:38]} {[%emt 00:15:05]} 20.
exf5 {[%clk 00:59:40]} {[%emt 00:03:14]} Rxf5 {[%clk 00:21:46]} {[%emt
00:00:22]} 21. Bg3 {[%clk 00:59:45]} {[%emt 00:00:25]} c4 {[%clk 00:14:23]}
{[%emt 00:07:55]} 22. Nd4 {[%clk 00:36:51]} {[%emt 00:23:23]} Nxd4 {[%clk
00:14:14]} {[%emt 00:00:40]} 23. Rxd4 {[%clk 00:37:10]} {[%emt 00:00:10]} d5
{[%clk 00:13:38]} {[%emt 00:01:06]} 24. Rad1 {[%clk 00:27:57]} {[%emt
00:09:42]} Rd8 {[%clk 00:13:32]} {[%emt 00:00:36]} 25. Bc7 {[%clk 00:26:40]}
{[%emt 00:01:47]} Rd7 {[%clk 00:12:23]} {[%emt 00:01:40]} 26. g4 {[%clk
00:21:58]} {[%emt 00:05:12]} Rf8 {[%clk 00:09:48]} {[%emt 00:03:05]} 27. Bg3
{[%clk 00:21:24]} {[%emt 00:01:04]} Rfd8 {[%clk 00:10:09]} {[%emt 00:00:10]} 28.
Be5 {[%clk 00:20:04]} {[%emt 00:01:49]} Bc5 {[%clk 00:08:54]} {[%emt 00:01:45]}
29. R4d2 {[%clk 00:20:23]} {[%emt 00:00:11]} Kf7 {[%clk 00:08:14]} {[%emt
00:01:10]} 30. Kg2 {[%clk 00:20:36]} {[%emt 00:00:17]} Ke6 {[%clk 00:06:33]}
{[%emt 00:02:12]} 31. Re2 {[%clk 00:20:57]} {[%emt 00:00:09]} Kf7 {[%clk
00:06:40]} {[%emt 00:00:23]} 32. Bd4 {[%clk 00:20:08]} {[%emt 00:01:19]} Bxd4
{[%clk 00:06:22]} {[%emt 00:00:48]} 33. Rxd4 {[%clk 00:20:32]} {[%emt
00:00:06]} Rb8 {[%clk 00:05:41]} {[%emt 00:01:11]} 34. h4 {[%clk 00:11:28]}
{[%emt 00:09:33]} h6 {[%clk 00:05:31]} {[%emt 00:00:41]} 35. h5 {[%clk
00:09:33]} {[%emt 00:02:25]} a5 {[%clk 00:04:31]} {[%emt 00:01:30]} 36. Re5
{[%clk 00:08:52]} {[%emt 00:01:11]} Rxb2 {[%clk 00:04:56]} {[%emt 00:00:06]} 37.
Rf4+ {[%clk 00:08:43]} {[%emt 00:00:38]} Kg8 {[%clk 00:05:10]} {[%emt
00:00:16]} 38. Re8+ {[%clk 00:09:01]} {[%emt 00:00:12]} Kh7 {[%clk 00:05:36]}
{[%emt 00:00:04]} 39. Rff8 {[%clk 00:09:19]} {[%emt 00:00:12]} g5 {[%clk
00:04:48]} {[%emt 00:01:18]} 40. Rh8+ {[%clk 00:09:37]} {[%emt 00:00:11]} Kg7
{[%clk 00:05:16]} {[%emt 00:00:03]} 41. Reg8+ {[%clk 00:09:00]} {[%emt
00:01:06]} Kf7 {[%clk 00:05:42]} {[%emt 00:00:05]} 42. Rg6 {[%clk 00:09:19]}
{[%emt 00:00:10]} Re7 {[%clk 00:03:31]} {[%emt 00:02:42]} 43. Rhxh6 {[%clk
00:08:26]} {[%emt 00:01:22]} Ree2 {[%clk 00:01:34]} {[%emt 00:02:27]} 44. Rf6+
{[%clk 00:07:51]} {[%emt 00:01:05]} Ke7 {[%clk 00:02:00]} {[%emt 00:00:05]} 45.
Rf5 {[%clk 00:07:00]} {[%emt 00:01:21]} d4 {[%clk 00:02:10]} {[%emt 00:00:20]}
46. Rh7+ {[%clk 00:06:49]} {[%emt 00:00:39]} Ke6 {[%clk 00:02:23]} {[%emt
00:00:16]} 47. cxd4 {[%clk 00:06:55]} {[%emt 00:00:26]} c3 {[%clk 00:02:06]}
{[%emt 00:00:48]} 48. Rc7 {[%clk 00:06:38]} {[%emt 00:00:47]} c2 {[%clk
00:02:07]} {[%emt 00:00:29]} 49. h6 {[%clk 00:06:28]} {[%emt 00:00:40]} Kd6
{[%clk 00:02:28]} {[%emt 00:00:10]} 50. Rc8 {[%clk 00:05:42]} {[%emt 00:01:15]}
Re7 {[%clk 00:01:20]} {[%emt 00:01:37]} 51. Rxa5 {[%clk 00:05:33]} {[%emt
00:00:40]} Rb4 {[%clk 00:01:11]} {[%emt 00:00:39]} 52. Rxc2 {[%clk 00:05:43]}
{[%emt 00:00:20]} Rxd4 {[%clk 00:01:34]} {[%emt 00:00:07]} 53. Rxg5 {[%clk
00:06:01]} {[%emt 00:00:12]} Rh7 {[%clk 00:01:37]} {[%emt 00:00:28]} 54. Rg6+
{[%clk 00:06:08]} {[%emt 00:00:23]} Ke5 {[%clk 00:02:02]} {[%emt 00:00:04]} 55.
Rc5+ {[%clk 00:06:10]} {[%emt 00:00:27]} Kf4 {[%clk 00:02:23]} {[%emt
00:00:09]} 56. Rf5+ {[%clk 00:06:32]} {[%emt 00:00:08]} Ke4 {[%clk 00:02:51]}
{[%emt 00:00:02]} 57. Re6+ {[%clk 00:06:39]} {[%emt 00:00:23]} Kd3 {[%clk
00:03:18]} {[%emt 00:00:03]} 58. f3 {[%clk 00:06:56]} {[%emt 00:00:14]} Kc4
{[%clk 00:03:35]} {[%emt 00:00:14]} 59. Rh5 {[%clk 00:07:13]} {[%emt 00:00:12]}
Rf4 {[%clk 00:03:27]} {[%emt 00:00:38]} 60. Re4+ {[%clk 00:07:30]} {[%emt
00:00:13]} Rxe4 {[%clk 00:03:54]} {[%emt 00:00:03]} 61. fxe4 {[%clk 00:07:56]}
{[%emt 00:00:04]} Kd4 {[%clk 00:04:20]} {[%emt 00:00:04]} 62. g5 {[%clk
00:08:00]} {[%emt 00:00:25]} Kxe4 {[%clk 00:04:45]} {[%emt 00:00:04]} 63. g6
{[%clk 00:08:26]} {[%emt 00:00:05]} Ra7 {[%clk 00:05:11]} {[%emt 00:00:05]} 64.
h7 {[%clk 00:08:42]} {[%emt 00:00:13]} Ra2+ {[%clk 00:05:38]} {[%emt 00:00:03]}
65. Kg3 {[%clk 00:09:05]} {[%emt 00:00:06]} Ra3+ {[%clk 00:06:04]} {[%emt
00:00:05]} 66. Kg4 {[%clk 00:09:28]} {[%emt 00:00:07]} Ra1 {[%clk 00:06:30]}
{[%emt 00:00:04]} 67. h8=Q {[%clk 00:09:37]} {[%emt 00:00:21]} Rg1 {[%clk
00:06:56]} {[%emt 00:00:03]} 68. Kh4 {[%clk 00:09:50]} {[%emt 00:00:17]} Kf3
{[%clk 00:07:10]} {[%emt 00:00:17]} 69. Qf6+ {[%clk 00:10:10]} {[%emt
00:00:08]} Ke2 {[%clk 00:07:33]} {[%emt 00:00:08]} 70. Re5+ {[%clk 00:10:28]}
{[%emt 00:00:12]} Kd3 {[%clk 00:07:57]} {[%emt 00:00:06]} 71. Qd6+ {[%clk
00:10:33]} {[%emt 00:00:25]} 1-0

[Event "25th 4NCL Congress"]
[Site "Leamington Spa, United Kingdom"]
[Date "2021.07.09"]
[Round "1.11"]
[White "Jones, Steven A"]
[Black "Moyse, Nigel J"]
[Result "1-0"]
[TimeControl "All moves in 90 minutes + 30 seconds per move"]
[WhiteElo "2219"]
[BlackElo "2036"]

1. e4 {[%clk 01:30:32]} {[%emt 00:00:27]} d6 {[%clk 01:30:03]} {[%emt
00:00:58]} 2. d4 {[%clk 01:30:21]} {[%emt 00:00:41]} Nf6 {[%clk 01:30:26]}
{[%emt 00:00:06]} 3. Nc3 {[%clk 01:30:42]} {[%emt 00:00:09]} g6 {[%clk
01:30:46]} {[%emt 00:00:11]} 4. f4 {[%clk 01:29:53]} {[%emt 00:01:19]} Bg7
{[%clk 01:30:59]} {[%emt 00:00:17]} 5. Nf3 {[%clk 01:29:51]} {[%emt 00:00:31]}
c5 {[%clk 01:31:24]} {[%emt 00:00:06]} 6. Bb5+ {[%clk 01:29:03]} {[%emt
00:01:17]} Bd7 {[%clk 01:31:46]} {[%emt 00:00:08]} 7. Bxd7+ {[%clk 01:28:17]}
{[%emt 00:01:17]} Nfxd7 {[%clk 01:21:42]} {[%emt 00:10:34]} 8. d5 {[%clk
01:26:07]} {[%emt 00:02:39]} b5 {[%clk 01:18:04]} {[%emt 00:04:09]} 9. Nxb5
{[%clk 01:24:41]} {[%emt 00:01:54]} Qa5+ {[%clk 01:17:03]} {[%emt 00:01:32]} 10.
Nc3 {[%clk 01:25:05]} {[%emt 00:00:05]} Bxc3+ {[%clk 01:13:28]} {[%emt
00:03:56]} 11. bxc3 {[%clk 01:25:28]} {[%emt 00:00:16]} Qxc3+ {[%clk 01:13:53]}
{[%emt 00:00:05]} 12. Bd2 {[%clk 01:25:51]} {[%emt 00:00:07]} Qc4 {[%clk
01:14:09]} {[%emt 00:00:14]} 13. Qe2 {[%clk 01:25:06]} {[%emt 00:01:15]} Nb6
{[%clk 01:13:20]} {[%emt 00:01:19]} 14. a4 {[%clk 01:24:04]} {[%emt 00:01:33]}
O-O {[%clk 00:56:59]} {[%emt 00:16:50]} 15. a5 {[%clk 01:19:27]} {[%emt
00:05:08]} Qxe2+ {[%clk 00:56:23]} {[%emt 00:01:06]} 16. Kxe2 {[%clk 01:19:51]}
{[%emt 00:00:05]} N6d7 {[%clk 00:53:34]} {[%emt 00:03:20]} 17. c4 {[%clk
01:10:42]} {[%emt 00:09:39]} Na6 {[%clk 00:53:25]} {[%emt 00:00:39]} 18. Rhb1
{[%clk 01:08:15]} {[%emt 00:02:56]} Rab8 {[%clk 00:52:11]} {[%emt 00:01:45]} 19.
Bc3 {[%clk 01:03:45]} {[%emt 00:04:59]} Rxb1 {[%clk 00:49:13]} {[%emt
00:03:23]} 20. Rxb1 {[%clk 01:04:11]} {[%emt 00:00:11]} Rb8 {[%clk 00:49:38]}
{[%emt 00:00:04]} 21. Rxb8+ {[%clk 01:04:25]} {[%emt 00:00:17]} Ndxb8 {[%clk
00:50:06]} {[%emt 00:00:02]} 22. Kd3 {[%clk 01:02:08]} {[%emt 00:02:46]} Nd7
{[%clk 00:49:17]} {[%emt 00:01:19]} 23. Nd2 {[%clk 00:59:21]} {[%emt 00:03:16]}
Nc7 {[%clk 00:48:58]} {[%emt 00:00:51]} 24. e5 {[%clk 00:59:07]} {[%emt
00:00:44]} a6 {[%clk 00:41:05]} {[%emt 00:08:23]} 25. g4 {[%clk 00:57:45]}
{[%emt 00:01:52]} Ne8 {[%clk 00:38:23]} {[%emt 00:03:11]} 26. Ke4 {[%clk
00:56:30]} {[%emt 00:01:44]} e6 {[%clk 00:36:47]} {[%emt 00:02:07]} 27. Kd3
{[%clk 00:54:32]} {[%emt 00:02:27]} Kf8 {[%clk 00:29:31]} {[%emt 00:07:47]} 28.
Ne4 {[%clk 00:53:40]} {[%emt 00:01:23]} Ke7 {[%clk 00:28:47]} {[%emt 00:01:14]}
29. g5 {[%clk 00:53:31]} {[%emt 00:00:38]} dxe5 {[%clk 00:22:26]} {[%emt
00:06:51]} 30. fxe5 {[%clk 00:53:30]} {[%emt 00:00:31]} Ng7 {[%clk 00:22:18]}
{[%emt 00:00:39]} 31. Nf6 {[%clk 00:53:09]} {[%emt 00:00:51]} Nf5 {[%clk
00:20:40]} {[%emt 00:02:08]} 32. Nxh7 {[%clk 00:53:12]} {[%emt 00:00:27]} Nh4
{[%clk 00:20:31]} {[%emt 00:00:39]} 33. Ke4 {[%clk 00:52:44]} {[%emt 00:00:57]}
Kd8 {[%clk 00:16:26]} {[%emt 00:04:34]} 34. Be1 {[%clk 00:52:37]} {[%emt
00:00:37]} Nf5 {[%clk 00:16:12]} {[%emt 00:01:08]} 35. Nf6 {[%clk 00:50:12]}
{[%emt 00:02:32]} Nxf6+ {[%clk 00:12:02]} {[%emt 00:04:40]} 36. gxf6 {[%clk
00:49:33]} {[%emt 00:01:09]} Nd4 {[%clk 00:11:25]} {[%emt 00:01:08]} 37. Bf2
{[%clk 00:49:32]} {[%emt 00:00:30]} Nb3 {[%clk 00:11:52]} {[%emt 00:00:04]} 38.
Kd3 {[%clk 00:49:45]} {[%emt 00:00:16]} Nxa5 {[%clk 00:10:49]} {[%emt
00:01:34]} 39. Bxc5 {[%clk 00:50:04]} {[%emt 00:00:10]} Nb7 {[%clk 00:10:18]}
{[%emt 00:01:01]} 40. Ba3 {[%clk 00:50:27]} {[%emt 00:00:07]} Kd7 {[%clk
00:10:30]} {[%emt 00:00:19]} 41. Kd4 {[%clk 00:50:40]} {[%emt 00:00:17]} Na5
{[%clk 00:10:38]} {[%emt 00:00:23]} 42. Kc3 {[%clk 00:48:44]} {[%emt 00:02:26]}
Nb7 {[%clk 00:10:13]} {[%emt 00:00:54]} 43. Kb4 {[%clk 00:48:27]} {[%emt
00:00:47]} Ke8 {[%clk 00:10:34]} {[%emt 00:00:09]} 44. Bc1 {[%clk 00:47:52]}
{[%emt 00:01:05]} exd5 {[%clk 00:10:44]} {[%emt 00:00:20]} 45. cxd5 {[%clk
00:48:09]} {[%emt 00:00:13]} Kd7 {[%clk 00:11:00]} {[%emt 00:00:14]} 46. Bf4
{[%clk 00:48:20]} {[%emt 00:00:18]} a5+ {[%clk 00:10:37]} {[%emt 00:00:54]} 47.
Kb5 {[%clk 00:48:30]} {[%emt 00:00:20]} a4 {[%clk 00:11:06]} {[%emt 00:00:01]}
48. Bc1 {[%clk 00:48:42]} {[%emt 00:00:17]} Kc7 {[%clk 00:09:51]} {[%emt
00:01:46]} 49. Ba3 {[%clk 00:49:03]} {[%emt 00:00:09]} 1-0

[Event "25th 4NCL Congress"]
[Site "Leamington Spa, United Kingdom"]
[Date "2021.07.09"]
[Round "1.12"]
[White "De Coverly, Roger D"]
[Black "Wall, Tim P"]
[Result "0-1"]
[TimeControl "All moves in 90 minutes + 30 seconds per move"]
[WhiteElo "1958"]
[BlackElo "2245"]

1. e4 {[%clk 01:30:55]} {[%emt 00:00:03]} c6 {[%clk 01:30:14]} {[%emt
00:00:47]} 2. d4 {[%clk 01:31:07]} {[%emt 00:00:18]} d5 {[%clk 01:30:35]}
{[%emt 00:00:09]} 3. e5 {[%clk 01:31:25]} {[%emt 00:00:13]} c5 {[%clk
01:30:46]} {[%emt 00:00:19]} 4. c3 {[%clk 01:30:39]} {[%emt 00:01:15]} Nc6
{[%clk 01:31:02]} {[%emt 00:00:14]} 5. Be2 {[%clk 01:30:23]} {[%emt 00:00:46]}
Bf5 {[%clk 01:30:31]} {[%emt 00:01:01]} 6. Nf3 {[%clk 01:30:33]} {[%emt
00:00:21]} e6 {[%clk 01:30:45]} {[%emt 00:00:16]} 7. O-O {[%clk 01:30:22]}
{[%emt 00:00:41]} cxd4 {[%clk 01:29:18]} {[%emt 00:01:57]} 8. cxd4 {[%clk
01:30:26]} {[%emt 00:00:26]} Nge7 {[%clk 01:29:34]} {[%emt 00:00:14]} 9. Nc3
{[%clk 01:27:35]} {[%emt 00:03:21]} Nc8 {[%clk 01:29:49]} {[%emt 00:00:16]} 10.
b3 {[%clk 01:23:12]} {[%emt 00:04:54]} Be7 {[%clk 01:29:46]} {[%emt 00:00:31]}
11. Bb2 {[%clk 01:22:25]} {[%emt 00:01:17]} Nb6 {[%clk 01:29:10]} {[%emt
00:01:06]} 12. Rc1 {[%clk 01:20:21]} {[%emt 00:02:34]} O-O {[%clk 01:29:16]}
{[%emt 00:00:24]} 13. h3 {[%clk 01:14:32]} {[%emt 00:06:20]} Rc8 {[%clk
01:27:22]} {[%emt 00:02:23]} 14. Kh2 {[%clk 01:09:17]} {[%emt 00:05:45]} f6
{[%clk 01:22:49]} {[%emt 00:05:03]} 15. exf6 {[%clk 01:05:22]} {[%emt
00:04:25]} Bd6+ {[%clk 01:20:37]} {[%emt 00:02:42]} 16. Kh1 {[%clk 01:04:02]}
{[%emt 00:01:50]} Qxf6 {[%clk 01:19:41]} {[%emt 00:01:26]} 17. Nb5 {[%clk
01:00:29]} {[%emt 00:04:04]} Bf4 {[%clk 01:19:43]} {[%emt 00:00:27]} 18. Rc3
{[%clk 00:58:55]} {[%emt 00:02:04]} a6 {[%clk 01:19:30]} {[%emt 00:00:44]} 19.
Na3 {[%clk 00:58:13]} {[%emt 00:01:12]} Be4 {[%clk 01:14:06]} {[%emt 00:05:54]}
20. Nc2 {[%clk 00:55:21]} {[%emt 00:03:22]} Bd6 {[%clk 01:02:24]} {[%emt
00:12:12]} 21. Nce1 {[%clk 00:52:17]} {[%emt 00:03:33]} Qg6 {[%clk 00:55:27]}
{[%emt 00:07:28]} 22. Rc1 {[%clk 00:46:27]} {[%emt 00:06:21]} Qh6 {[%clk
00:48:12]} {[%emt 00:07:45]} 23. Nd3 {[%clk 00:43:54]} {[%emt 00:03:02]} Nd7
{[%clk 00:47:05]} {[%emt 00:01:38]} 24. Qd2 {[%clk 00:36:44]} {[%emt 00:07:39]}
Qf6 {[%clk 00:36:03]} {[%emt 00:11:31]} 25. Nh2 {[%clk 00:28:20]} {[%emt
00:08:55]} Qg6 {[%clk 00:30:54]} {[%emt 00:05:40]} 26. Nf3 {[%clk 00:23:54]}
{[%emt 00:04:56]} Rce8 {[%clk 00:24:24]} {[%emt 00:06:59]} 27. Nh4 {[%clk
00:18:55]} {[%emt 00:05:30]} Qf6 {[%clk 00:21:59]} {[%emt 00:02:54]} 28. Nf3
{[%clk 00:19:06]} {[%emt 00:00:19]} Qf5 {[%clk 00:20:23]} {[%emt 00:02:07]} 29.
Kg1 {[%clk 00:13:58]} {[%emt 00:05:38]} Qg6 {[%emt 00:06:27]} 30. Nh4 {[%clk
00:11:32]} Qf6 {[%clk 00:17:26]} {[%emt 00:00:24]} 31. Nf3 {[%clk 00:11:35]}
{[%emt 00:00:28]} h6 {[%clk 00:17:49]} {[%emt 00:00:06]} 32. Rcd1 {[%clk
00:10:50]} {[%emt 00:01:16]} Bb8 {[%clk 00:12:44]} {[%emt 00:05:32]} 33. Nc5
{[%clk 00:08:58]} {[%emt 00:02:24]} Nxc5 {[%clk 00:11:59]} {[%emt 00:01:15]} 34.
dxc5 {[%clk 00:09:21]} {[%emt 00:00:07]} Qe7 {[%clk 00:11:46]} {[%emt
00:00:43]} 35. b4 {[%clk 00:09:12]} {[%emt 00:00:39]} Qc7 {[%clk 00:09:17]}
{[%emt 00:02:59]} 36. Rfe1 {[%clk 00:07:59]} {[%emt 00:01:43]} Rf4 {[%clk
00:07:16]} {[%emt 00:02:31]} 37. a3 {[%clk 00:06:56]} {[%emt 00:01:33]} Ref8
{[%clk 00:07:10]} {[%emt 00:00:36]} 38. Qc3 {[%clk 00:06:16]} {[%emt 00:01:10]}
d4 {[%clk 00:06:06]} {[%emt 00:01:34]} 39. Qc4 {[%clk 00:05:47]} {[%emt
00:01:00]} Bd5 {[%clk 00:06:07]} {[%emt 00:00:28]} 40. Qd3 {[%clk 00:05:53]}
{[%emt 00:00:24]} e5 {[%clk 00:05:45]} {[%emt 00:00:52]} 41. Qg6 {[%clk
00:05:51]} {[%emt 00:00:33]} e4 {[%clk 00:04:20]} {[%emt 00:01:55]} 42. Nxd4
{[%clk 00:04:44]} {[%emt 00:01:37]} Rxf2 {[%clk 00:04:31]} {[%emt 00:00:18]} 43.
Nf3 {[%clk 00:05:01]} {[%emt 00:00:13]} exf3 {[%clk 00:03:19]} {[%emt
00:01:43]} 44. Kxf2 {[%clk 00:04:38]} {[%emt 00:00:53]} fxg2+ {[%clk 00:02:44]}
{[%emt 00:01:05]} 45. Ke3 {[%clk 00:04:51]} {[%emt 00:00:17]} Qf4+ {[%clk
00:02:28]} {[%emt 00:00:46]} 46. Kd3 {[%clk 00:05:09]} {[%emt 00:00:13]} Qc4+
{[%clk 00:02:04]} {[%emt 00:00:54]} 47. Kd2 {[%clk 00:04:38]} {[%emt 00:01:01]}
Bf4# {[%clk 00:02:21]} {[%emt 00:00:10]} 0-1